<?xml version="1.0" encoding="UTF-8"?>
<record
    xmlns:xsi="http://www.w3.org/2001/XMLSchema-instance"
    xsi:schemaLocation="http://www.loc.gov/MARC21/slim http://www.loc.gov/standards/marcxml/schema/MARC21slim.xsd"
    xmlns="http://www.loc.gov/MARC21/slim">

  <leader>00605nam a22001817a 4500</leader>
  <controlfield tag="003">LK-CoDNM</controlfield>
  <controlfield tag="005">20241210134750.0</controlfield>
  <controlfield tag="008">241210b        |||||||| |||| 00| 0 eng d</controlfield>
  <datafield tag="040" ind1=" " ind2=" ">
    <subfield code="a">LK-CoDNM</subfield>
    <subfield code="d">LK-CoDNM</subfield>
    <subfield code="e">LK-CoDNM</subfield>
  </datafield>
  <datafield tag="041" ind1=" " ind2=" ">
    <subfield code="a">sin</subfield>
  </datafield>
  <datafield tag="080" ind1=" " ind2=" ">
    <subfield code="a">954.87"1232/1412"</subfield>
  </datafield>
  <datafield tag="100" ind1=" " ind2=" ">
    <subfield code="a">&#xD87;&#xDC3;&#xDCA;.&#xDA9;&#xDD3;.&#xDAF; &#xDBD;&#xDD0;&#xDB1;&#xDBB;&#xDDD;&#xDBD;&#xDCA;</subfield>
  </datafield>
  <datafield tag="245" ind1=" " ind2=" ">
    <subfield code="a">&#xDBD;&#xD82;&#xD9A;&#xDCF; &#xD89;&#xDAD;&#xDD2;&#xDC4;&#xDCF;&#xDC3;&#xDBA;&#xDDA; &#xD9A;&#xDD4;&#xDBB;&#xDD4;&#xDAB;&#xDD1;&#xD9C;&#xDBD; &#xDC4;&#xDCF; &#xD9C;&#xDB8;&#xDCA;&#xDB4;&#xDDC;&#xDC5; &#xDBA;&#xDD4;&#xD9C;&#xDBA;</subfield>
  </datafield>
  <datafield tag="260" ind1=" " ind2=" ">
    <subfield code="a">&#xD9A;&#xDDC;&#xDC5;&#xDB9;</subfield>
    <subfield code="b">&#xD8B;&#xDAF;&#xDBA; &#xDB4;&#xDCA;&#x200D;&#xDBB;&#xDD2;&#xDB1;&#xDCA;&#xDA7;&#xDBB;&#xDCA;&#xDC3;&#xDCA;</subfield>
    <subfield code="c">1967</subfield>
  </datafield>
  <datafield tag="300" ind1=" " ind2=" ">
    <subfield code="a">76p. : 21 cm</subfield>
  </datafield>
  <datafield tag="650" ind1=" " ind2=" ">
    <subfield code="a">&#xD89;&#xDAD;&#xDD2;&#xDC4;&#xDCF;&#xDC3;&#xDBA;</subfield>
  </datafield>
  <datafield tag="942" ind1=" " ind2=" ">
    <subfield code="c">BK</subfield>
  </datafield>
  <datafield tag="952" ind1=" " ind2=" ">
    <subfield code="0">0</subfield>
    <subfield code="1">0</subfield>
    <subfield code="4">1</subfield>
    <subfield code="7">0</subfield>
    <subfield code="8">OBC</subfield>
    <subfield code="a">MAIN</subfield>
    <subfield code="b">MAIN</subfield>
    <subfield code="c">REF</subfield>
    <subfield code="d">2024-12-10</subfield>
    <subfield code="l">0</subfield>
    <subfield code="o">954.87"1232/1412"</subfield>
    <subfield code="p">OB11416</subfield>
    <subfield code="r">2024-12-10</subfield>
    <subfield code="w">2024-12-10</subfield>
    <subfield code="y">BK</subfield>
  </datafield>
  <datafield tag="999" ind1=" " ind2=" ">
    <subfield code="c">233211</subfield>
    <subfield code="d">233211</subfield>
  </datafield>
</record>
